| 000 | 00349nam a2200145Ia 4500 | ||
|---|---|---|---|
| 008 | 230917s9999||||xx |||||||||||||| ||und|| | ||
| 040 |
_e39192 _aMAIN |
||
| 041 | _aEnglish | ||
| 082 | _a822.09 E59F | ||
| 100 | _aEllis Fermor, Una | ||
| 245 | 4 | _aThe frentiers of drama | |
| 260 |
_aLondon _bMethuen _c1964 |
||
| 300 | _axiii, 162 p. | ||
| 942 | _cBK | ||
| 999 |
_c190286 _d190286 |
||